Stanley Frodsham, prophet with a pen. (Record no. 13712)

000 -LEADER
fixed length control field 00617nam a2200193 a 4500
001 - CONTROL NUMBER
control field :::00011535$&:&@@
003 - CONTROL NUMBER IDENTIFIER
control field OkBaRHE
005 - DATE AND TIME OF LATEST TRANSACTION
control field 20000607103409.0
008 - FIXED-LENGTH DATA ELEMENTS--GENERAL INFORMATION
fixed length control field s1974 j 000 0 eng u
040 ## - CATALOGING SOURCE
Transcribing agency
100 1# - MAIN ENTRY--PERSONAL NAME
Personal name Campbell, Faith, 1913-
245 10 - TITLE STATEMENT
Title Stanley Frodsham, prophet with a pen.
260 ## - PUBLICATION, DISTRIBUTION, ETC. (IMPRINT)
Place of publication, distribution, etc Springfield, MO., :
Name of publisher, distributor, etc Gospel Publishing House
Date of publication, distribution, etc 1974
300 ## - PHYSICAL DESCRIPTION
Extent 146 p. ;
Dimensions 18 cm.
490 0# - SERIES STATEMENT
Series statement Radiant books.
650 ## - SUBJECT ADDED ENTRY--TOPICAL TERM
Topical term or geographic name as entry element Frodsham, Stanley Howard, 1882-1969.
942 ## - ADDED ENTRY ELEMENTS (KOHA)
Source of classification or shelving scheme
Koha item type Books
Copies
Current Location Koha item type Lost status Price effective from Not for loan Shelving location Barcode Copy number Source of classification or shelving scheme Damaged status Withdrawn status Date acquired Full call number Date last seen Permanent Location
RHEMA Bible Training CollegeBooks 2010-04-14 General Stacks115351   2010-04-14BX 8765.5 .Z8 F76 C362010-04-14RHEMA Bible Training College